000 00490nam a2200193Ia 4500
008 131103s9999 xx 000 0 und d
040 _aLoreto College
041 _aEnglish
082 _a823.91/920/KIP
_bLCLIB
100 _aBraddy,Nella
245 _aRudyard Kipling
_cNella Braddy; illustrated by Heade
260 _aLondon
_bCollins
_c1945
300 _a206 p.
_c 19 cm.
650 _aKipling,Rudyard
651 _aBiography
700 _aHeade
850 _aLCLIB
942 _cBK
999 _c12312
_d62791